Medzinárodné regulačné štandardy v oblasti finančného trhu
Charakteristika úlohy medzinárodných regionálnych zoskupení, medzinárodných finančných inštitúcií a združení orgánov dohľadu, ktorých regulačné štandardy zohrávajú úlohu pri formovaní záväzných predpisov právnej úpravy finančného trhu.
Salvato in:
| Autore principale: | |
|---|---|
| Natura: | Capitolo di libro |
| Lingua: | slovacco |
| Soggetti: | |
| Tags: |
Nessun Tag, puoi essere il primo ad aggiungerne!!
|
MARC
| LEADER | 00000naa a2200000 4500 | ||
|---|---|---|---|
| 001 | 0122434 | ||
| 005 | 20231116090352.3 | ||
| 041 | 0 | |a slo | |
| 044 | |a SK | ||
| 245 | 1 | 0 | |a Medzinárodné regulačné štandardy v oblasti finančného trhu |c Peter Pénzeš |
| 520 | |a Charakteristika úlohy medzinárodných regionálnych zoskupení, medzinárodných finančných inštitúcií a združení orgánov dohľadu, ktorých regulačné štandardy zohrávajú úlohu pri formovaní záväzných predpisov právnej úpravy finančného trhu. | ||
| 610 | 2 | 0 | |a regulácia trhu |
| 610 | 2 | 0 | |a dohľad bankový |
| 610 | 2 | 0 | |a úpravy právne |
| 610 | 2 | 0 | |a bankovníctvo |
| 610 | 2 | 0 | |a štandardy |
| 610 | 2 | 0 | |a stabilita finančná |
| 610 | 2 | 0 | |a trh finančný medzinárodný |
| 100 | 1 | |a Pénzeš, Peter | |